Statistiques concernant Quiz sur Roderen

Cliquez ici pour prendre le quiz!

Statistiques générales

  • Ce quiz a été pris 3 fois
  • Le résultat moyen est 13 sur 20

Statistiques - réponses

IntituléVotre réponse% Correct
Année de création du FCR, club de foot du village1973
100%
Code postal68800
100%
Nombre d'habitant environ recensé en 2018900
100%
Fête annuelle célébrée en septembre, réunissant les métiers paysans, arboricoles et les métiers du boisBrennfascht
100%
Quel soir de la semaine faut-il sortir la poubelle brune ?Dimanche
100%
Nom de la première rue sur votre droite en arrivant dans le village depuis Bourbach-le-bas (celle ci longe le cimetière pour déboucher sur la grand-rue au centre du village)Forgerons
100%
Nom de la chapelle dominant le villageMaria Auf Dem Rain
100%
Couleur du blasonNoir
100%
GentiléRoderenois
100%
Nom alsacien du villageRodra
100%
Saint de l'égliseSaint-Laurent
100%
Batterie fanfare du villageSpatzawaggis
100%
Donnez un sport pratiqué dans le village (Foot ne compte pas)Trial
100%
En pourcentage, l'occupation des sols par des zones urbanisées10%
0%
Sous-lieutenant artilleur durant la Première Guerre mondiale, fut tué sur le ban de Roderen lors d'un combat aérien, le 19 janvier 1918Albert Borrel
0%
Nom de l'Arboretum situé dans le bas du villageBodenmatten
0%
Nom de l'école élémentaire se trouvant au centre du villageCerisiers
0%
Premier nom du village, mentionné en 1090Hohenrodern
0%
Nom du stade de footSaint-Michel
0%
Donnez un nom d'étang situé dans le village (Grüsselbach ne compte pas)saules
0%

Distribution des résultats

Percentile par nombre de réponses

% des personnes avec chaque résultat

Votre développement - résultats

Vous n’avez pas pris ce quiz